000
00244nam a2200109Ia 4500
005
20251222143143.0
008
251222s9999||||xx |||||||||||||| ||spa||
082
_a
249.4/T76
100
_a
Tóth, Tihamér
245
0
_a
Eucaristía:
942
_c
LIB
999
_c
12401
_d
12401